Yogparis (Record no. 91342)

MARC details
000 -LEADER
fixed length control field 00384nam a2200169Ia 4500
008 - FIXED-LENGTH DATA ELEMENTS--GENERAL INFORMATION
fixed length control field 230125s9999 xx 000 0 und d
041 ## - LANGUAGE CODE
Language code of text/sound track or separate title eng
082 ## - DEWEY DECIMAL CLASSIFICATION NUMBER
Classification number 181.45
Item number PAR
100 ## - MAIN ENTRY--PERSONAL NAME
Personal name Parate M S
9 (RLIN) 114060
245 ## - TITLE STATEMENT
Title Yogparis
260 ## - PUBLICATION, DISTRIBUTION, ETC. (IMPRINT)
Date of publication, distribution, etc. 2010
Name of publisher, distributor, etc. Usha M P
Place of publication, distribution, etc. Pune
500 ## - GENERAL NOTE
Keywords Yoga
650 ## - SUBJECT ADDED ENTRY--TOPICAL TERM
Topical term or geographic name as entry element General
700 ## - ADDED ENTRY--PERSONAL NAME
Personal name Parate M S
9 (RLIN) 114060
906 ## - LOCAL DATA ELEMENT F, LDF (RLIN)
b 16
Holdings
Withdrawn status Lost status Damaged status Not for loan Home library Current library Date acquired Vendor Cost, normal purchase price Bill number Total Checkouts Full call number Barcode Date last seen Cost, replacement price Bill Date Koha item type Original Barcode
        Smt. Hiraben Nanavati Institute of Management & Research for Women Smt. Hiraben Nanavati Institute of Management & Research for Women 24/03/2012 Yog Vidya Dham 160.00 103   181.45 PAR B11186 HIMR-BK-11186 25/01/2023 144.00 17/01/2012 Books B11186